[Event "British Championship 2011"]
[Site "Sheffield, "]
[Date "2011.07.24"]
[Round "1.32"]
[White "Mellor, Stehen D"]
[Black "Salimbeni, George P W"]
[Result "0-1"]
[WhiteElo "2048"]
[BlackElo "2150"]
[PlyCount "70"]
[EventDate "2011.??.??"]

1. e4 c5 2. Nf3 e6 3. d3 Nc6 4. g3 d5 5. Qe2 Be7 6. Bg2 Nf6 7. O-O O-O 8. e5
Nd7 9. c4 d4 10. Nbd2 Qc7 11. Re1 Re8 12. h4 Bf8 13. Nf1 Rb8 14. Bf4 b5 15.
cxb5 Rxb5 16. Ng5 h6 17. Nh3 Bb7 18. g4 Ne7 19. Bxb7 Qxb7 20. b3 g6 21. Nd2 Bg7
22. Nc4 Nc8 23. Kh2 Ndb6 24. a4 Rb4 25. Bd2 Nxc4 26. bxc4 Rb2 27. Qd1 Ne7 28.
Bc1 Rb3 29. Ba3 Nc6 30. f4 Rxa3 31. Rxa3 Qb2+ 32. Qe2 Qxa3 33. g5 Rb8 34. Kg3
h5 35. Qe4 Ne7 0-1